[Event "BCF-ch"]
[Site "Swansea"]
[Date "1995.??.??"]
[Round "3"]
[White "Parker, Jonathan"]
[Black "Arkell, Keith C"]
[Result "1/2-1/2"]
[WhiteElo "2415"]
[BlackElo "2505"]

1.d4 Nf6 2.c4 e6 3.Nf3 Bb4+ 4.Bd2 Bxd2+ 5.Nbxd2 d6 6.e4 Qe7 7.e5 dxe5 8.dxe5 Nfd7
9.Bd3 Nc6 10.Qe2 Qc5 11.Nb3 Qb4+ 12.Kf1 b6 13.Rc1 Nc5 14.Nxc5 Qxc5 15.Be4 Bb7
16.Qd2 Nd8 17.Bxb7 Nxb7 18.h4 Qe7 19.Qg5 f6 20.Qh5+ Qf7 21.Qxf7+ Kxf7 22.Ke2 Rhd8
23.Rhd1 Nc5 24.Nd4 fxe5 25.Nc6 Rd6 26.Nxe5+ Kf6 27.Ng4+  1/2-1/2

[Event "SWZ-chT"]
[Site "SWZ"]
[Date "1995.??.??"]
[Round "1"]
[White "Rueetschi, Urs"]
[Black "Adler, Joel"]
[Result "1-0"]
[WhiteElo "2225"]
[BlackElo "2300"]

1.d4 Nf6 2.Nf3 e6 3.c4 Bb4+ 4.Bd2 c5 5.Bxb4 cxb4 6.a3 bxa3 7.Rxa3 O-O 8.Nc3 d6
9.e4 Nc6 10.Be2 e5 11.d5 Nb4 12.O-O Bg4 13.Ne1 Bxe2 14.Qxe2 a5 15.Nd3 Nxd3
16.Qxd3 Nd7 17.Rfa1 Ra6 18.Qe3 Qc7 19.Rb3 Nc5 20.Rb5 Rfa8 21.Na4 b6 22.h3 h6
23.Ra3 R8a7 24.Nxc5 bxc5 25.Rab3 a4 26.Rb8+ Kh7 27.R3b5 a3 28.Qf3 Qd7 29.bxa3 Rxa3
30.Qf5+ Qxf5 31.exf5 Ra1+ 32.Kh2 R1a2 33.Kg3 R7a3+ 34.f3 g6 35.fxg6+ Kxg6
36.R5b6 Ra6 37.R6b7 Ra7 38.Rb6 R7a6 39.Rc6 Kg7 40.Rd8 R6a4 41.Rdxd6 Rxc4
42.Rxh6 Rd2 43.Rh5 Rxd5 44.Rg5+ Kf8 45.Rf5 Rf4 46.Rxf4 exf4+ 47.Kxf4 Rd2
48.g4 Rh2 49.Kg3 Rc2 50.h4 c4 51.h5 c3 52.Kf4 Rc1 53.Kg5 c2 54.f4 Kg7 55.Rc7 Kf8
56.h6 Kg8 57.h7+ Kxh7 58.Rxf7+ Kg8 59.Rc7 Kf8 60.f5 Ke8 61.f6 Kd8 62.Rc3 Kd7
63.Kg6 Rg1 64.Rxc2 Rxg4+ 65.Kf7 Rd4 66.Re2 Rd1 67.Kf8 Rd3 68.f7 Rg3 69.Rd2+ Kc7
70.Rh2 Kd7 71.Rh7  1-0

[Event "SWZ-chT"]
[Site "SWZ"]
[Date "1995.??.??"]
[Round "3"]
[White "Jakob, Simon"]
[Black "Masserey, Yvan"]
[Result "0-1"]
[WhiteElo "2250"]
[BlackElo "2350"]

1.d4 Nf6 2.Nf3 e6 3.c4 Bb4+ 4.Bd2 Qe7 5.g3 Nc6 6.Bg2 Bxd2+ 7.Nbxd2 d6 8.O-O O-O
9.e4 e5 10.d5 Nb8 11.Ne1 a5 12.Nd3 Na6 13.b3 c6 14.c5 Nxc5 15.Nxc5 dxc5 16.dxc6 bxc6
17.Qc2 Rd8 18.Rfe1 Be6 19.Rac1 Ra7 20.Nc4 Nd7 21.Qc3 Bxc4 22.Qxc4 a4 23.Bh3 axb3
24.axb3 Ra5 25.Red1 Nf6 26.Qc3 Rxd1+ 27.Rxd1 Ra8 28.f3 h5 29.Rc1 Ra2 30.Qxc5 Qd8
31.Qe3 h4 32.Bf1 hxg3 33.hxg3 Nh5 34.Qe1 Qd4+ 35.Kh1 Qb2  0-1

[Event "SWZ-chT"]
[Site "SWZ"]
[Date "1995.??.??"]
[Round "3"]
[White "Gheorghiu, Florin"]
[Black "Schauwecker, Meinrad"]
[Result "1-0"]
[WhiteElo "2475"]
[BlackElo "2340"]

1.d4 e6 2.Nf3 Nf6 3.c4 Bb4+ 4.Bd2 a5 5.g3 O-O 6.Bg2 Bxd2+ 7.Qxd2 d6 8.Nc3 Nbd7
9.O-O c6 10.e4 e5 11.Nh4 Re8 12.Rad1 Qc7 13.Nf5 Nf8 14.Ne3 Ne6 15.Nc2 Bd7
16.f4 exd4 17.Nxd4 Nc5 18.Rfe1 Rad8 19.h3 h5 20.Qf2 Bc8 21.Nb3 Nfd7 22.Nd4 Nf8
23.Kh2 Nh7 24.Nb3 Nxb3 25.axb3 f5 26.c5 dxc5 27.Qxc5 Rxd1 28.Rxd1 h4 29.e5 hxg3+
30.Kxg3 Be6 31.Nb5 Qe7 32.Qxe7 Rxe7 33.Rd8+ Nf8 34.Nd6 Bxb3 35.Rb8 g5 36.Nxf5 gxf4+
37.Kxf4 Rf7 38.Kg5 Kh7 39.Be4 Ne6+ 40.Kh4 Nc5 41.Bb1 Ba2 42.Bxa2  1-0

[Event "SWZ-chT"]
[Site "SWZ"]
[Date "1995.??.??"]
[Round "4"]
[White "Almada, Enrique"]
[Black "Masserey, Yvan"]
[Result "1/2-1/2"]
[WhiteElo "2295"]
[BlackElo "2350"]

1.d4 Nf6 2.Nf3 e6 3.c4 Bb4+ 4.Bd2 Qe7 5.g3 Nc6 6.Bg2 Bxd2+ 7.Nbxd2 d6 8.e4 e5
9.d5 Nb8 10.h3 a5 11.O-O O-O 12.b3 Na6 13.a3 c6 14.b4 Bd7 15.Qb3 axb4 16.axb4 c5
17.b5 Nb4 18.Ra4 Rfc8 19.Rfa1 Qd8 20.Ne1 h5 21.h4 Ne8 22.Nd3 Nxd3 23.Qxd3 Rxa4
24.Rxa4 Ra8 25.Qa3 Nc7 26.Kh2 Rxa4 27.Qxa4 Qa8 28.Qxa8+ Nxa8  1/2-1/2

[Event "SWZ-ch"]
[Site "SWZ"]
[Date "1995.??.??"]
[Round "7"]
[White "Nemet, Ivan"]
[Black "Landenbergue, Claude"]
[Result "1/2-1/2"]
[WhiteElo "2395"]
[BlackElo "2420"]

1.d4 Nf6 2.c4 e6 3.Nf3 Bb4+ 4.Bd2 Qe7 5.g3 Nc6 6.Bg2 Bxd2+ 7.Nbxd2 d6 8.O-O a5
9.e4 e5 10.d5 Nb8 11.Qc2 O-O 12.Ne1 Na6 13.Nd3 c6 14.Qc3 cxd5 15.exd5 Bf5
16.Rfe1 Qc7 17.Nf1 Qb6 18.Re2 Bg6 19.Rae1 Rac8 20.b3 Rc7 21.Nb2 Nc5 22.Kh1 Bh5
23.Rd2 Re7 24.h3 Rfe8 25.Nd1 h6 26.g4 Bg6 27.Ng3 Qb4 28.Re3 Kf8 29.Qb2 e4
30.a3 Qb6 31.Qd4 Nfd7 32.Nc3 a4 33.bxa4 Nf6 34.Nb5 Rd8 35.Rde2 Qa5 36.Re1 Nd3
37.Rf1 Nc5 38.f4 exf3 39.Rfxf3 Rxe3 40.Rxe3 Qb6 41.Kh2 Nxa4 42.Qxb6 Nxb6
43.Bf1 Na4  1/2-1/2

[Event "SWZ-chT"]
[Site "SWZ"]
[Date "1995.??.??"]
[Round "7"]
[White "Sherwin, James T"]
[Black "Masserey, Yvan"]
[Result "1/2-1/2"]
[WhiteElo "2315"]
[BlackElo "2350"]

1.d4 Nf6 2.c4 e6 3.Nf3 Bb4+ 4.Bd2 Qe7 5.g3 Nc6 6.Bg2 Bxd2+ 7.Nbxd2 d6 8.O-O O-O
9.e4 e5 10.d5 Nb8 11.Ne1 a5 12.Nd3 Na6 13.Nb1 c6 14.Nc3 cxd5 15.cxd5 Nd7
16.Re1 Nac5 17.Rc1 Nxd3 18.Qxd3 Nc5 19.Qd1 Bd7 20.Bf1 Qg5 21.Bb5 Bg4 22.f3 Bh3
23.f4 exf4 24.Qd2 Qf6 25.gxf4 Qg6+ 26.Kh1 f5 27.Rg1 Qh6 28.e5 Ne4 29.Nxe4 fxe4
30.Rc7 g6 31.e6 Rxf4 32.Rf7 e3 33.Qxe3 Bg2+ 34.Kxg2 Rg4+ 35.Kf3 Qxe3+ 36.Kxe3 Rxg1
37.Rxb7 Re1+ 38.Kd4 h5 39.Rd7 Rd1+ 40.Bd3 g5 41.Rxd6 g4 42.Rd7 h4 43.d6 g3
44.hxg3 hxg3 45.Ra7 g2 46.Rxa8+ Kg7 47.Ra7+ Kg8  1/2-1/2

[Event "SWZ-chT"]
[Site "SWZ"]
[Date "1995.??.??"]
[Round "7"]
[White "Von Allmen, Alain"]
[Black "Milosevic, Goran"]
[Result "1/2-1/2"]
[WhiteElo "2205"]
[BlackElo "2390"]

1.d4 Nf6 2.Nf3 e6 3.c4 Bb4+ 4.Bd2 c5 5.Bxb4 cxb4 6.g3 O-O 7.Bg2 d6 8.Qb3 a5
9.a3 Na6 10.axb4 Nxb4 11.O-O Bd7 12.Nbd2 Bc6 13.Ne1 Bxg2 14.Kxg2 e5 15.Nd3 Nxd3
16.Qxd3 Qb6 17.e3 Rfe8 18.Ra3 exd4 19.exd4 Qc6+ 20.d5 Qc5 21.Rfa1 b6 22.Nb3 Qc7
23.Nd4 Qc5 24.Nb3 Qc8 25.Nd4 Nd7 26.Nc6 Nb8 27.Nxb8 Rxb8 28.Qd4 Qc7 29.Rb3 Re2
30.Raa3 Rc2 31.Ra4 h6 32.Qe4 Rc1 33.Re3 Qd7 34.Ra2 b5 35.b3 bxc4 36.bxc4 Rc8
37.Rxa5 R1xc4  1/2-1/2

[Event "AUS-ch"]
[Site "Sydney"]
[Date "1995.??.??"]
[Round "3"]
[White "Berezina, Irina"]
[Black "Solomon, Stephen J"]
[Result "0-1"]
[WhiteElo "2210"]
[BlackElo "2400"]

1.d4 Nf6 2.Nf3 e6 3.c4 Bb4+ 4.Bd2 Qe7 5.Nc3 b6 6.g3 Bb7 7.Bg2 O-O 8.O-O d6
9.a3 Bxc3 10.Bxc3 Nbd7 11.e3 Ne4 12.Qc2 Nxc3 13.Qxc3 f5 14.Rfd1 g5 15.d5 e5
16.e4 f4 17.Bh3 Bc8 18.b4 Qg7 19.Be6+ Kh8 20.Nd2 Nf6 21.Bxc8 Raxc8 22.Re1 Rf7
23.g4 f3 24.h3 Rcf8 25.Qd3 Qh6 26.Qf1 Nxg4 27.c5 Rf4 28.cxd6 cxd6 29.Rac1 Qh4
30.Nc4 Nxf2 31.Qxf2 Qxh3 32.Ne3 Rh4  0-1

[Event "Tastrup"]
[Site "Tastrup"]
[Date "1995.??.??"]
[Round "5"]
[White "Jakobsen, Ole"]
[Black "Fulgsang, Flemming"]
[Result "1-0"]
[WhiteElo "2380"]
[BlackElo "2265"]

1.d4 Nf6 2.c4 e6 3.Nf3 Bb4+ 4.Bd2 Bxd2+ 5.Nbxd2 d6 6.g3 O-O 7.Bg2 Nc6 8.O-O e5
9.d5 Ne7 10.e4 Ne8 11.Qb3 b6 12.Rfe1 Ng6 13.h4 Nf6 14.Nf1 Nd7 15.Qc2 a5 16.Ne3 Ne7
17.b3 Nc5 18.Nd2 f5 19.a3 f4 20.Nef1 Ng6 21.b4 Nd7 22.Nf3 Nf6 23.Rac1 axb4
24.axb4 Bg4 25.N1h2 Bxf3 26.Bxf3 Ra3 27.Ra1 Rxa1 28.Rxa1 Qd7 29.Kg2 fxg3
30.fxg3 c6 31.Qe2 cxd5 32.cxd5 Qc7 33.Ra2 Kh8 34.Rc2 Qe7 35.Rc6 Qd8 36.Qa6 Qa8
37.Rxb6 Qxa6 38.Rxa6 Rc8 39.Rc6 Ra8 40.Rc2 Rb8 41.Rb2 Nf8 42.Ng4 N8d7 43.Nxf6 gxf6
44.Rc2 Rd8 45.Bg4 Nb6 46.Bf5 h6 47.Rc6 Rb8 48.Rxd6 Kg7 49.Rc6 Na4 50.d6  1-0

[Event "Travemuende op"]
[Site "Travemuende"]
[Date "1995.??.??"]
[Round "6"]
[White "Mowsziszian, Karen"]
[Black "Zhidkov, Valery S"]
[Result "1-0"]
[WhiteElo "2470"]
[BlackElo "2315"]

1.d4 Nf6 2.c4 e6 3.Nf3 Bb4+ 4.Bd2 Qe7 5.g3 Nc6 6.Bg2 Bxd2+ 7.Nbxd2 d6 8.e4 a5
9.O-O e5 10.d5 Nb8 11.c5 dxc5 12.Nc4 O-O 13.Re1 Nbd7 14.Qd2 b6 15.Qc3 Re8
16.d6 cxd6 17.Rad1 g6 18.Nxd6 Rf8 19.Bh3 Ba6 20.Qe3 Nb8 21.Qg5 h6 22.Qxh6 Nh7
23.Rd5 Qf6 24.Nxe5 Ra7 25.f4 Re7 26.Red1 Qg7 27.Ndxf7 Bb7 28.Rd8 Bxe4 29.Rxf8+ Nxf8
30.Rd8 Nc6 31.Nxc6 Rxf7 32.Qxg7+ Kxg7 33.Ne5 Rb7 34.Bc8 Rc7 35.Ba6 Ra7 36.Bc4 a4
37.Rb8 Nd7 38.Rg8+ Kh7 39.Re8 Nxe5 40.fxe5 Rd7 41.e6 Rd4 42.e7 Bc6 43.Bg8+ Kg7
44.Rc8 Bb5 45.e8=Q Rd1+ 46.Kf2 Bxe8 47.Rxe8 Rd2+ 48.Re2 Rxe2+ 49.Kxe2 Kxg8
50.Kd3 b5 51.Ke4 Kf7 52.Kd5 a3 53.bxa3 c4 54.Kd4 Kf6 55.a4 bxa4 56.Kxc4 Kf5
57.Kb4  1-0

[Event "Trelew Clarin-GP"]
[Site "Trelew"]
[Date "1995.??.??"]
[Round "1"]
[White "De Kirchmayr, Emilio"]
[Black "Slipak, Sergio"]
[Result "1/2-1/2"]
[WhiteElo "2210"]
[BlackElo "2520"]

1.d4 Nf6 2.c4 e6 3.Nf3 Bb4+ 4.Bd2 Qe7 5.Nc3 O-O 6.Qc2 c5 7.e3 b6 8.a3 Bxc3
9.Bxc3 Bb7 10.Bd3 cxd4 11.exd4 Bxf3 12.gxf3 Nc6 13.O-O-O d5 14.cxd5 exd5
15.Qd2 Rab8 16.Bb5 Rfc8 17.Kb1 Ne8 18.Qf4 Nd6 19.Bxc6 Rxc6 20.Bb4 Qd8 21.Rhg1 a5
22.Qe5 g6 23.Qxd5 Rbc8 24.Bd2 Rc2 25.Bg5 Qc7 26.Rc1  1/2-1/2

[Event "Trelew Clarin-GP"]
[Site "Trelew"]
[Date "1995.??.??"]
[Round "2"]
[White "Monier, Raul"]
[Black "Garcia Palermo, Carlos"]
[Result "1/2-1/2"]
[WhiteElo "2405"]
[BlackElo "2505"]

1.d4 Nf6 2.c4 e6 3.Nf3 Bb4+ 4.Bd2 Qe7 5.g3 Nc6 6.Bg2 Bxd2+ 7.Nbxd2 d6 8.O-O a5
9.e4 e5 10.d5 Nb8 11.b3 Na6 12.a3 c6 13.b4 cxd5 14.cxd5 axb4 15.axb4 Bd7
16.Qb3 O-O 17.Rfc1 Rfc8 18.Bf1 Qd8 19.Qb2 Rxc1 20.Rxc1 b5 21.Ne1 Qb6 22.Nd3 h5
23.h3 Nc7 24.Bg2 Nfe8  1/2-1/2

[Event "Velden op"]
[Site "Velden"]
[Date "1995.??.??"]
[Round "8"]
[White "Horvath, Csaba"]
[Black "Loginov, Valery A"]
[Result "1/2-1/2"]
[WhiteElo "2530"]
[BlackElo "2525"]

1.d4 Nf6 2.c4 e6 3.Nf3 Bb4+ 4.Bd2 Qe7 5.g3 Nc6 6.Nc3 O-O 7.Bg2 Bxc3 8.Bxc3 Ne4
9.Qc2 f5 10.O-O d6 11.b4 Bd7 12.b5 Nd8 13.a4 c5 14.e3 Rc8 15.Bb2 Be8 16.Nd2 Nf6
17.dxc5 dxc5 18.Nf3 Bh5 19.Ne5 Nf7 20.f3 Nxe5 21.Bxe5 Nd7 22.Bb2 Rcd8 23.Rf2 Nf6
24.Be5 Nd7 25.Bb2 Nf6 26.Be5  1/2-1/2

[Event "Vienna op"]
[Site "Vienna"]
[Date "1995.??.??"]
[Round "5"]
[White "Polak, Tomas"]
[Black "Loginov, Vladimir"]
[Result "1/2-1/2"]
[WhiteElo "2450"]
[BlackElo "2525"]

1.d4 Nf6 2.c4 e6 3.Nf3 Bb4+ 4.Bd2 Bxd2+ 5.Qxd2 d6 6.g3 O-O 7.Bg2 Nbd7 8.Nc3 e5
9.O-O Re8 10.Rad1 a6 11.Rfe1 Rb8 12.e4 b5 13.dxe5 dxe5 14.c5 b4 15.c6 bxc3
16.Qxc3 Qe7 17.cxd7 Bxd7 18.b3 c5 19.Nd2 Bg4 20.f3 Be6 21.Qxe5 Qa7 22.Qc3 c4+
23.Kh1 cxb3 24.axb3 Rec8 25.Qe3 Qxe3 26.Rxe3 Rd8 27.Bf1 Rxb3 28.Rxb3 Bxb3
29.Rb1 Ba4 30.Rb2 a5 31.Nc4 Bd1 32.Be2 a4 33.Bxd1 Rxd1+ 34.Kg2 g5 35.Ra2 g4
36.Rxa4 Rd4 37.fxg4 Nxg4 38.Nb6 Rd2+ 39.Kf3 Nxh2+ 40.Ke3 Rg2 41.Nd5 Rxg3+
42.Kf2 Rb3 43.e5 Kg7 44.Rh4 Nf3 45.Rh3 Nd4 46.Rxb3 Nxb3 47.Kg3 Nd4 48.Kg4 Nc6
49.Kf5 h6 50.Nf4 Nd4+ 51.Kg4 Ne6 52.Nd5 Kg6 53.Ne7+ Kh7 54.Nd5 Kg7 55.Ne7 Nd4
56.Nf5+ Nxf5 57.Kxf5 Kf8 58.e6  1/2-1/2

[Event "Vladivostok op"]
[Site "Vladivostok"]
[Date "1995.??.??"]
[Round "3"]
[White "Gagarin, Vasilij"]
[Black "Zagrebelny, Sergey"]
[Result "1/2-1/2"]
[WhiteElo "2440"]
[BlackElo "2510"]

1.d4 Nf6 2.c4 e6 3.Nf3 Bb4+ 4.Bd2 Qe7 5.g3 Nc6 6.Nc3 Bxc3 7.Bxc3 Ne4 8.Qc2 Nxc3
9.Qxc3 O-O 10.Bg2 d6 11.d5 Nd8 12.O-O e5 13.Nd2 f5 14.f4 Nf7 15.e4 fxe4 16.Nxe4 Bf5
17.Rae1 b6 18.Nd2 Rae8 19.Nf3 Bg4 20.fxe5 Nxe5 21.Nxe5 Rxf1+ 22.Bxf1 dxe5
23.Bg2 Bf5 24.Be4 Rf8 25.Bxf5 Rxf5 26.Re4 h6 27.Kg2 a5 28.a3 Qd6 29.Qe3 h5
30.h3 Kf7 31.Qe2 Kf6 32.h4 a4 33.Kh3 Qc5 34.Kg2 c6 35.dxc6 Qxc6 36.Kh3 Qc5
37.Kg2 Ke6 38.Re3 g5 39.Rd3 gxh4 40.gxh4 Qc6+ 41.Kh2 Rf4 42.Rd5 Rxh4+ 43.Kg3 Rg4+
44.Kh3 Qc7 45.Rb5 Rxc4 46.Qxh5 Rf4 47.Qg6+  1/2-1/2

[Event "AUT-ch"]
[Site "Voitsberg"]
[Date "1995.??.??"]
[Round "4"]
[White "Schroll, Gerhard"]
[Black "Robatsch, Karl"]
[Result "1/2-1/2"]
[WhiteElo "2380"]
[BlackElo "2395"]

1.d4 Nf6 2.c4 e6 3.Nf3 Bb4+ 4.Bd2 Qe7 5.g3 Nc6 6.Nc3 d5 7.a3 Bxc3 8.Bxc3 a5
9.Bg2 b6 10.O-O O-O 11.Ne5 Bb7 12.Nxc6 Bxc6 13.Qc2 Qd7 14.cxd5 exd5 15.Bd2 Rac8
16.Bf4 Nh5 17.Be3 a4 18.b3 axb3  1/2-1/2

[Event "AUT-ch"]
[Site "Voitsberg"]
[Date "1995.??.??"]
[Round "13"]
[White "Stanec, Nikolaus"]
[Black "Eisterer, Heinrich"]
[Result "1/2-1/2"]
[WhiteElo "2480"]
[BlackElo "2360"]

1.d4 Nf6 2.Nf3 e6 3.c4 Bb4+ 4.Bd2 a5 5.g3 d6 6.Bg2 Nbd7 7.O-O e5 8.b3 O-O
9.a3 Bxd2 10.Qxd2 exd4 11.Nxd4 Nb6 12.Qc2 Qe7 13.Nd2 Re8 14.e3 c6 15.h3 g6
16.Rfe1 Bd7 17.e4 Qf8 18.Nf1 Bc8 19.Rad1 Nbd7 20.Qd2 Re7 21.Qf4 Ne8 22.Qd2 f6
23.Ne3 Ne5 24.f4 Nf7 25.b4 axb4 26.axb4 Nc7 27.Ra1 Rxa1 28.Rxa1 Bd7 29.Ndc2 Qb8
30.Qd4 Ne8 31.Qb6 Qc8 32.Kh2 f5 33.Ra7 Nd8 34.Qa5 Nc7 35.c5 dxc5 36.Qxc5 Re8
37.Nc4 Nb5 38.Nb6 Qc7 39.Ra5 Ne6 40.Qe3 fxe4 41.Nc4 Ng7 42.Ne5 Be6 43.Bxe4 Qd6
44.Ra1 Rd8 45.Bd3 Nf5 46.Qf2 Nfd4 47.Nxd4  1/2-1/2

[Event "Werfen op"]
[Site "Werfen"]
[Date "1995.??.??"]
[Round "4"]
[White "Kock, Hans Uwe"]
[Black "Zoler, Dan"]
[Result "0-1"]
[WhiteElo "2240"]
[BlackElo "2415"]

1.d4 Nf6 2.c4 e6 3.Nf3 Bb4+ 4.Bd2 c5 5.e3 O-O 6.Bd3 Bxd2+ 7.Qxd2 d6 8.O-O b6
9.Nc3 Bb7 10.d5 exd5 11.cxd5 a6 12.e4 Nbd7 13.Ne2 Re8 14.Ng3 g6 15.h3 Qe7
16.Rfe1 Ne5 17.Bc2 Nxf3+ 18.gxf3 h5 19.Qh6 Nh7 20.f4 Qf8 21.Qxf8+ Kxf8 22.h4 Re7
23.f5 Rae8 24.f3 Nf6 25.Kf2 Bc8 26.fxg6 fxg6 27.Rg1 Rf7 28.Kg2 Nd7 29.Ne2 Ne5
30.Raf1 Nc4 31.Kg3 Kg7 32.Rf2 Nxb2 33.f4 Nc4 34.f5 Ne3 35.Nf4 gxf5 36.exf5 Kh6
37.Ne6 Rg8+ 38.Ng5 Nxc2 39.Kh2 Rxf5 40.Nf7+ Kh7 41.Rxf5 Bxf5 42.Ng5+ Kg6  0-1

[Event "Werfen op"]
[Site "Werfen"]
[Date "1995.??.??"]
[Round "8"]
[White "Hager, Franz"]
[Black "Staller, Peter"]
[Result "1-0"]
[WhiteElo "2230"]
[BlackElo "2375"]

1.d4 Nf6 2.c4 e6 3.Nf3 Bb4+ 4.Bd2 c5 5.g3 Bxd2+ 6.Qxd2 b6 7.Nc3 Bb7 8.Bg2 O-O
9.O-O Ne4 10.Nxe4 Bxe4 11.dxc5 Qc7 12.cxb6 axb6 13.b3 Na6 14.Ng5 Bxg2 15.Kxg2 h6
16.Ne4 f5 17.Nd6 Nc5 18.f3 Qc6 19.Rfd1 Rfd8 20.Qd4 Nb7 21.a4 Na5 22.Rd3 Rab8
23.Rad1 Qc5 24.Qh4 Nc6 25.Nb5 Qe5 26.Kf1 Nb4 27.Rxd7 Rxd7 28.Rxd7 Qa1+ 29.Kg2 Nc2
30.Qe7 Ne3+ 31.Kf2 Nd1+ 32.Kg2 Ne3+ 33.Kf2 Nd1+ 34.Ke1 Ne3+ 35.Kd2 Nf1+ 36.Kc2 Qe5
37.Nd4 Kh8 38.Qxe6 Re8 39.Qxe5 Rxe5 40.Rd6 Nxh2 41.Rxb6  1-0

[Event "Wrexham"]
[Site "Wrexham"]
[Date "1995.??.??"]
[Round "7"]
[White "Engqvist, Thomas"]
[Black "Bronstein, David I"]
[Result "1/2-1/2"]
[WhiteElo "2405"]
[BlackElo "2445"]

1.d4 Nf6 2.Nf3 e6 3.c4 Bb4+ 4.Bd2 c5 5.a3 Bxd2+ 6.Qxd2 cxd4 7.Nxd4 O-O 8.Nc3 a6
9.e3 d6 10.Be2 Qc7 11.Rc1 Nc6 12.O-O Rd8 13.Nd5 exd5 14.cxd5 Nxd5 15.Nxc6 bxc6
16.Qxd5 Bb7 17.Qh5 a5 18.Bd3 g6 19.Qh4 c5 20.b4 Qc6 21.Qg5 axb4 22.axb4 Rac8
23.h4 Qd5 24.Qxd5 Bxd5 25.bxc5 Rxc5 26.Ra1 h5 27.Ra4 Kf8 28.Rd4 Ke7 29.Kh2 Be6
30.Ra1 Bf5 31.Bf1 Rc2 32.Kg3 Rdc8 33.Ra7+ R8c7 34.Rxc7+ Rxc7 35.f3 Be6 36.Bd3 Rc1
37.Kf4 Rg1 38.Kg3 d5 39.Kf2 Rc1 40.Be2 Kf6 41.Rf4+ Kg7 42.Rd4 Kf6 43.Rf4+ Kg7
44.Rd4  1/2-1/2

[Event "Oberliga Wuert9495"]
[Site "Wuerttemberg"]
[Date "1995.??.??"]
[Round "?"]
[White "Lang, Marc"]
[Black "Melcher, Wolfgang"]
[Result "1/2-1/2"]
[WhiteElo "2220"]
[BlackElo "2225"]

1.d4 e6 2.Nf3 Nf6 3.c4 Bb4+ 4.Bd2 Bxd2+ 5.Qxd2 d6 6.Nc3 O-O 7.g3 Nc6 8.Bg2 e5
9.d5 Ne7 10.O-O Bg4 11.Ne1 Qd7 12.e4 Bh3 13.Nd3 Ng6 14.f3 Bxg2 15.Kxg2 Qe7
16.Qe3 Nd7 17.b4 f5 18.exf5 Rxf5 19.Ne4 Nb6 20.Nd2 Raf8 21.Nf2 Qf7 22.Nfe4 h6  1/2-1/2

[Event "Bayern-chB"]
[Site "Wuerzburg"]
[Date "1995.??.??"]
[Round "3"]
[White "Lochte, Thomas"]
[Black "Dietz, Holger"]
[Result "1/2-1/2"]
[WhiteElo "2225"]
[BlackElo "2260"]

1.d4 Nf6 2.c4 e6 3.Nf3 Bb4+ 4.Bd2 Qe7 5.a3 Bxd2+ 6.Nbxd2 d6 7.e4 e5 8.Bd3 O-O
9.O-O Bg4 10.h3 Bxf3 11.Nxf3 c5 12.d5 Nh5 13.g3 g6 14.Nh2 Nd7 15.b4 Ng7 16.Qd2 f5
17.f3 Nh5 18.Kg2 f4 19.g4 Ng3 20.Rfe1 h5 21.Nf1 hxg4 22.fxg4 Nxf1 23.Rxf1 Kg7
24.Be2 Rh8 25.Rh1 Rh4 26.Bf3 Rc8 27.b5 Nf8 28.Qa5 Ra8 29.Qc3 Nh7 30.Rh2 Ng5
31.a4 Rah8 32.Rah1 Kf6 33.Qa5 b6 34.Qa6 Qc7 35.a5 bxa5 36.Ra1 Nxf3 37.Kxf3 Rxh3+
38.Rxh3 Rxh3+ 39.Kf2 Rc3 40.Qxa5 Qxa5 41.Rxa5 Rxc4 42.Rxa7 Rxe4 43.Rd7 Rb4
44.Rxd6+ Kg5 45.b6 e4 46.Re6 Rb2+ 47.Ke1 Kxg4 48.d6 Rb1+ 49.Ke2 f3+ 50.Ke3 Rxb6
51.d7 Rb3+ 52.Kxe4 Rb4+ 53.Ke5 Rd4 54.Rxg6+ Kh3 55.Rd6 Rxd6 56.Kxd6 f2 57.d8=Q  1/2-1/2

[Event "Bayern-ch"]
[Site "Wuerzburg"]
[Date "1995.??.??"]
[Round "5"]
[White "Kuraszkiewicz, Michael"]
[Black "Loew, Gerald"]
[Result "1/2-1/2"]
[WhiteElo "2260"]
[BlackElo "2285"]

1.d4 Nf6 2.c4 e6 3.Nf3 Bb4+ 4.Bd2 Qe7 5.g3 Nc6 6.Nc3 Bxc3 7.Bxc3 Ne4 8.Qc2 Nxc3
9.Qxc3 Qb4 10.Rc1 a5 11.Bg2 d6 12.O-O Qxc3 13.Rxc3 Bd7 14.Rd1 Ke7 15.a3 a4
16.d5 Na5 17.dxe6 Bxe6 18.c5 dxc5 19.Rxc5 c6 20.Nd4 Rhd8 21.Rd3 Rxd4 22.Rxd4 Nb3
23.Rcc4 Nxd4 24.Rxd4 Rd8 25.Rxd8 Kxd8 26.Be4  1/2-1/2

[Event "Yalta op"]
[Site "Yalta"]
[Date "1995.??.??"]
[Round "?"]
[White "Ovsejevitsch, Sergei"]
[Black "Magrin, Antonio"]
[Result "1-0"]
[WhiteElo "2405"]
[BlackElo "2110"]

1.d4 Nf6 2.Nf3 e6 3.c4 Bb4+ 4.Bd2 a5 5.Nc3 d6 6.g3 Nbd7 7.Bg2 O-O 8.O-O Re8
9.Qc2 e5 10.d5 Nc5 11.Nh4 Bd7 12.h3 h6 13.Kh2 Qc8 14.e4 Nh7 15.Rae1 Ng5 16.f4 Bxc3
17.Bxc3 Nh7 18.fxe5 dxe5 19.Qf2  1-0

[Event "Yalta op"]
[Site "Yalta"]
[Date "1995.??.??"]
[Round "6"]
[White "Tunik, Gennady"]
[Black "Zhukova, Natalia"]
[Result "1-0"]
[WhiteElo "2530"]
[BlackElo "2260"]

1.d4 Nf6 2.c4 e6 3.Nf3 Bb4+ 4.Bd2 Qe7 5.g3 Nc6 6.Nc3 Bxc3 7.Bxc3 Ne4 8.Rc1 O-O
9.Bg2 d6 10.O-O Nxc3 11.Rxc3 e5 12.d5 Nb8 13.e4 f5 14.exf5 Bxf5 15.Nd2 Nd7
16.Re3 Rae8 17.b4 Qd8 18.Qc1 b6 19.Nb3 Nf6 20.h3 Bg6 21.Qc3 Re7 22.Rd1 Ref7
23.Rd2 h5 24.c5 Nh7 25.Rde2 h4 26.Nd2 Bh5 27.g4 Bg6 28.Rf3 Ng5 29.Rxf7 Rxf7
30.cxd6 cxd6 31.Nf3 Rc7 32.Qe3 Nxf3+ 33.Bxf3 Qc8 34.Qg5 Rc1+ 35.Kh2 Bd3 36.Re3 Qc2
37.Qd8+ Kf7 38.Bg2 e4 39.Qd7+ Kf8 40.Qxd6+ Kf7 41.Qf4+ Kg8 42.Bxe4 Bxe4 43.Rxe4 Rf1
44.Re8+ Kh7 45.Kg2  1-0

[Event "Zadar op"]
[Site "Zadar"]
[Date "1995.??.??"]
[Round "?"]
[White "Cvitan, Ognjen"]
[Black "Matijevic, Hrvoje"]
[Result "1-0"]
[WhiteElo "2520"]
[BlackElo "2295"]

1.d4 Nf6 2.Nf3 e6 3.c4 Bb4+ 4.Bd2 Qe7 5.g3 Nc6 6.Nc3 Bxc3 7.Bxc3 Ne4 8.Rc1 O-O
9.Bg2 d6 10.d5 Nd8 11.O-O e5 12.Nd2 Nxd2 13.Qxd2 b6 14.b4 f5 15.f4 Nf7 16.Rce1 e4
17.Qd4 Nh6 18.h3 Bd7 19.Rc1 Rac8 20.Rfd1 Qf7 21.e3 Rfd8 22.Bf1 c5 23.dxc6 Bxc6
24.c5 bxc5 25.bxc5 d5 26.Rb1 Rd7 27.Rd2 Qh5 28.Rdb2 Re8 29.Rb8 Re7 30.R1b2 Qg6
31.Kf2 Nf7 32.Rxe8+ Rxe8 33.Be2 Nd8 34.Bh5  1-0

[Event "EU-ch U18"]
[Site "Zagan"]
[Date "1995.??.??"]
[Round "3"]
[White "Zitin, Yuri"]
[Black "Muningis, Paulius"]
[Result "0-1"]
[WhiteElo "2315"]
[BlackElo "2095"]

1.d4 Nf6 2.c4 e6 3.Nf3 Bb4+ 4.Bd2 a5 5.g3 b6 6.Bg2 Bb7 7.O-O O-O 8.Re1 d6
9.a3 Bxd2 10.Nbxd2 Nbd7 11.e4 e5 12.dxe5 dxe5 13.Qc2 Re8 14.Rad1 Qe7 15.Nb1 Nc5
16.Nc3 c6 17.Nd2 a4 18.Nf1 Qc7 19.Ne3 Ne6 20.Nf5 Rf8 21.Bh3 Ng5 22.Bg2 Ne6
23.Bh3 Ng5 24.Bg2 Ne6 25.Rd2 g6 26.Ne3 Nd4 27.Qd1 Nb3 28.Rd6 Kg7 29.Ng4 Nxg4
30.Rd7 Qc8 31.Qxg4 Nc5 32.Red1 Rd8 33.Bh3 Nxd7 34.Rxd7 Rxd7 35.Qxd7 Qxd7
36.Bxd7 Rd8 37.Bg4 Rd4 38.Nxa4 Rxe4 39.Bf3 Rxc4 40.Nxb6 Rc1+ 41.Kg2 f5 42.Na4 Ba6  0-1

[Event "EU-ch U18"]
[Site "Zagan"]
[Date "1995.??.??"]
[Round "3"]
[White "Avrukh, Boris"]
[Black "Backlund, Anders"]
[Result "1-0"]
[WhiteElo "2430"]
[BlackElo "2185"]

1.d4 e6 2.c4 Nf6 3.Nf3 Bb4+ 4.Bd2 Qe7 5.g3 O-O 6.Bg2 Bxd2+ 7.Qxd2 d6 8.Nc3 e5
9.O-O c6 10.e4 Nbd7 11.Nh4 g6 12.Rad1 Ne8 13.Qe1 Ng7 14.f4 f6 15.b3 Re8 16.Rd2 Nf8
17.fxe5 fxe5 18.d5 c5 19.Rdf2 Bd7 20.Qe3 a6 21.Nf3 b5 22.Ng5 b4 23.Nd1 Bg4
24.Nb2 Bc8 25.Nd3 a5 26.Nf7 Bd7 27.Nh6+ Kh8 28.Rf7 Qd8 29.Ne1 a4 30.Nf3 axb3
31.axb3 Nfe6 32.dxe6 Bxe6 33.Ng5  1-0

[Event "Zalakaros op"]
[Site "Zalakaros"]
[Date "1995.??.??"]
[Round "8"]
[White "Kopjonkin, Gennady"]
[Black "Arnold, Ferenc"]
[Result "0-1"]
[WhiteElo "2425"]
[BlackElo "2325"]

1.d4 Nf6 2.c4 e6 3.Nf3 Bb4+ 4.Bd2 Qe7 5.g3 Nc6 6.Bg2 Bxd2+ 7.Nbxd2 d6 8.O-O a5
9.e4 e5 10.d5 Nb8 11.Ne1 O-O 12.Nd3 Na6 13.b3 Bg4 14.f3 Bd7 15.Qc1 b6 16.Qb2 Nc5
17.Nf2 Nh5 18.Qc3 Qg5 19.Rae1 g6 20.Qe3 Qxe3 21.Rxe3 f5 22.Rc3 Nf6 23.Re1 Rf7
24.a3 fxe4 25.Nfxe4 Nfxe4 26.Nxe4 h6 27.Nd2 Bf5 28.Bf1 g5 29.Ree3 Kg7 30.Be2 h5
31.Bd1 Kh6 32.Bc2 Bh3 33.Ne4 Nxe4 34.Bxe4 g4 35.Kf2 Raf8 36.b4 axb4 37.axb4 gxf3
38.Ra3 Kg5 39.Ra7 h4 40.Raa3 hxg3+ 41.hxg3 Bg4 42.Rac3 Rh8 43.Bxf3 Rhf8 44.Kg2 e4
45.Bxe4 Rf2+ 46.Kg1 Rf1+ 47.Kh2 Rh8+ 48.Kg2 Rhh1  0-1

[Event "Zaragoza op-A"]
[Site "Zaragoza"]
[Date "1995.??.??"]
[Round "2"]
[White "Adla, Diego"]
[Black "Garcia Ilundain, David"]
[Result "0-1"]
[WhiteElo "2435"]
[BlackElo "2485"]

1.d4 Nf6 2.c4 e6 3.Nf3 Bb4+ 4.Bd2 a5 5.g3 b6 6.Bg2 Bb7 7.O-O O-O 8.Bg5 Be7
9.Nc3 Ne4 10.Nxe4 Bxe4 11.Bxe7 Qxe7 12.Ne1 Bxg2 13.Nxg2 d6 14.e4 Nd7 15.Qa4 c5
16.Rad1 cxd4 17.Rxd4 Ne5 18.f4 Qc7 19.Qb5 Qc5 20.Qxc5 dxc5 21.Rdd1 Nxc4 22.b3 Na3
23.f5 Nb5 24.Nf4 Nd4 25.f6 gxf6 26.g4 Rfd8 27.Nh5 Kf8 28.Nxf6 h6 29.Kg2 Ke7
30.Rf2 Nc6 31.Re1 Ne5 32.Re3 Rd3 33.Rh3 Rxh3 34.Kxh3 Ng6 35.Kg2 Rd8 36.Kf1 b5
37.Ke2 c4 38.bxc4 bxc4 39.Rf1 c3 40.Nh5 Ne5  0-1

[Event "Zlin"]
[Site "Zlin"]
[Date "1995.??.??"]
[Round "?"]
[White "Polak, Tomas"]
[Black "Kogan, Artur"]
[Result "0-1"]
[WhiteElo "2450"]
[BlackElo "2495"]

1.d4 Nf6 2.c4 e6 3.Nf3 Bb4+ 4.Bd2 a5 5.g3 d6 6.Bg2 Nbd7 7.O-O e5 8.Nc3 O-O
9.Qc2 Re8 10.e4 c6 11.Rad1 exd4 12.Nxd4 Ne5 13.Na4 Bd7 14.Bxb4 axb4 15.c5 Qa5
16.b3 dxc5 17.Nxc5 Bc8 18.Rd2 b6 19.Na4 c5 20.Nf5 Bxf5 21.exf5 Rac8 22.Rd6 Ned7
23.Bc6 Rxc6 24.Rxc6 Ne5 25.Rxf6 Nf3+ 26.Kh1 gxf6 27.Rd1 Nd4 28.Qd3 Qa8+ 29.f3 Re2
30.Rf1 b5  0-1